000 00747nam a2200265Ia 4500
003 OSt
005 20221007112935.0
006 a|||||r|||| 00| 0
007 ta
008 221006b |||||||| |||| 00| 0 eng d
024 _a29,758
037 _cTextual
040 _aLCO
_cLCO
_beng
041 _2eng
_aeng
082 _aX72:(Z), Q2
100 _aAhuja Girish
245 0 _aProfessional Approach to Direct Taxes Law and Practice Including Tax Planning 2012-2013
250 _a26th
260 _aNew
_bDelhi Bharat Law House Pvt. Ltd. India
_c2012
300 _a1700
650 _aDIRECT TAXES
_9431678
700 _a Gupta Ravi
942 _hX72:(Z), Q2
_cTEXL
999 _c1199321
_d1199321